ពិសោធន៍រូបវិទ្យាភាគទី១ (Record no. 8486)
[ view plain ]
| 000 -LEADER | |
|---|---|
| fixed length control field | 00275nam a22001097a 4500 |
| 040 ## - CATALOGING SOURCE | |
| Transcribing agency | SK |
| 082 ## - DEWEY DECIMAL CLASSIFICATION NUMBER | |
| Classification number | 530 |
| 100 ## - MAIN ENTRY--AUTHOR NAME | |
| Personal name | នៃ ស៊ីណា |
| 245 ## - TITLE STATEMENT | |
| Title | ពិសោធន៍រូបវិទ្យាភាគទី១ |
| 260 ## - PUBLICATION, DISTRIBUTION, ETC. (IMPRINT) | |
| Place of publication | Phnom Penh |
| Name of publisher | នៃ |
| Year of publication | 1999 |
| 942 ## - ADDED ENTRY ELEMENTS (KOHA) | |
| Koha item type | សៀវភៅភាសាខ្មែរ |
| 952 ## - LOCATION AND ITEM INFORMATION (KOHA) | |
| Withdrawn status [LOCAL, KOHA] | 0 |
| 952 ## - LOCATION AND ITEM INFORMATION (KOHA) | |
| Withdrawn status [LOCAL, KOHA] | 0 |
| Permanent Location | Date acquired | Koha item type | Lost status | Shelving location | Barcode | Current Location | Full call number |
|---|---|---|---|---|---|---|---|
| Library Block C | 2016-08-02 | សៀវភៅភាសាខ្មែរ | C165 | RUA045154 | Library Block C | 530 នៃ 1999 C165 | |
| Library Block C | 2016-08-02 | សៀវភៅភាសាខ្មែរ | C165 | RUA062659 | Library Block C | 530 នៃ 1999 C165 |